Sonrası : (Record no. 12714)

MARC details
000 -BAŞLIK
Sabit Uzunlukta Kontrol Alanı 01171nam a22003017a 4500
999 ## - SİSTEM KONTROL NUMARALARI (KOHA)
Koha Biblionumber 12714
Koha Biblioitemnumber 12714
003 - KONTROL NUMARASI IDENTIFIER
Denetim Alanı MIRAKIL
005 - SON İŞLEM TARİHİ VE ZAMANI
Denetim Alanı 20190208110206.0
008 - SABİT-BOY VERİ ELEMANLARI - GENEL BİLGİLER
Sabit Uzunlukta Kontrol Alanı 190208b tu ||||| |||| 00| 0 tur d
020 ## - ULUSLARARASI STANDART KİTAP NUMARASI
Uluslararası Standart Kitap Numarası 9786053994558
040 ## - KATALOGLAMA KAYNAK
Orijinal Kataloglama Ajansı TR-AnCHP
Metne Dönüştürmek Ajansı TR-AnCHP
041 ## - DİL KODU
Metin / Ses Parça Veya Ayrı Başlığın Dil Kodu tur
082 ## - DEWEY ONLU SINIFLANDIRMA NUMARASI
Sınıflandırma Numarası 330.9051
Ürün Numarası S65 2017
245 10 - BAŞLIK TABLOSU
Başlık Sonrası :
Başlığın Kalan ekonomik kriz kültürleri /
Sorumluluk Tablosu, Vb derleyenler: Manuel Castells, João Caraça, Gustavo Cardoso ; çeviren: Ebru Kılıç
246 ## - UNVAN FORM VARYING
Başlık Doğru / Kısa Başlığı Ekonomik kriz kültürleri
260 ## - YAYIN, DAĞITIM, VB
Yayın, Dağıtım, Vb Yeri İstanbul:
Yayıncı, Dağıtıcı, Vs Adı İstanbul Bilgi Üniversitesi Yayınları,
Yayın, Dağıtım, Vb Tarihi 2017.
300 ## - FİZİKSEL TANIM
Kapsam xxii, 321 s. :
Diğer Fiziksel Ayrıntıları çiz., grf.,
Boyutlar 23 sm.
490 0# - SERİSİ TABLOSU
Seri Beyanı İstanbul Bilgi Üniversitesi Yayınları ;
-- Bilgi ve toplum ;
Hacim / Ardışık Tanımı 563.
-- 9.
500 ## - GENEL NOT
Genel Not Özgün yapıt adı: Aftermath: the cultures of the economic crisis
504 ## - KAYNAKÇA VB NOT
Kaynakça Vb Notu Kaynakça ve dizin vardır.
650 #0 - KONU KATMA GİRİŞ - TOPİKAL DÖNEM
9 (RLIN) 5152
Topikal Süreli Veya Coğrafi Ad Giriş Elemanı Küresel ekonomik kriz
Genel Alt Bölümü Sosyal açı
Kronolojik Alt Bölümü 2008-2009
650 #0 - KONU KATMA GİRİŞ - TOPİKAL DÖNEM
9 (RLIN) 396
Topikal Süreli Veya Coğrafi Ad Giriş Elemanı Ekonomi
Genel Alt Bölümü Sosyal açı
700 1# - KATMA GİRİŞ - KİŞİSEL İSİM
9 (RLIN) 4514
Kişisel Ad Castells, Manuel
Relator Terim der.
700 ## - KATMA GİRİŞ - KİŞİSEL İSİM
9 (RLIN) 5153
Kişisel Ad Caraça, João
Relator Terim der.
700 ## - KATMA GİRİŞ - KİŞİSEL İSİM
9 (RLIN) 5154
Kişisel Ad Cardoso, Gustavo
Relator Terim der.
700 ## - KATMA GİRİŞ - KİŞİSEL İSİM
9 (RLIN) 5155
Kişisel Ad Kılıç, Ebru
Relator Terim çev.
740 ## - KATMA GİRİŞ - KONTROLSUZ İLGİLİ / ANALİTİK BAŞLIK
Kontrol Edilmeyen / İlgili Analitik Başlıktaki Ekonomik kriz kültürleri
942 ## - EKLENDİ GİRİŞ ELEMANLARI (KOHA)
Sınıflandırma Veya Raf Düzeni Kaynak Dewey Decimal Classification
Koha Öğesi Türü Books
Holdings
Kalıcı Konum Mevcut Konum Edinme Tarihi Edinim Kaynak Toplam Check-Out'Lar Tam Çağrı Numarası Barkod Tarih Son Görülme İtibaren Geçerli Fiyatlar Sigara Kamu Notu Koha Öğesi Türü
CHP Kütüphanesi CHP Kütüphanesi 02/08/2019 Bağış   330.9051 S65 2017 018823 02/08/2019 02/08/2019 Kemal Kılıçdaroğlu bağışıdır. Books